Resolver conflictos y alcanzar acuerdos: cómo plantear la negociación para generar beneficios
Guardat en:
| Autors principals: | , , |
|---|---|
| Format: | Llibre |
| Idioma: | espanyol |
| Publicat: |
Barcelona
Gedisa
2003
|
| Edició: | 1a. ed |
| Col·lecció: | PARC. Métodos
|
| Matèries: | |
| Etiquetes: |
Afegir etiqueta
Sense etiquetes, Sigues el primer a etiquetar aquest registre!
|
MARC
| LEADER | 00000cam a2200000 a 4500 | ||
|---|---|---|---|
| 001 | UCF7847 | ||
| 003 | CL-VaPUC | ||
| 008 | 130711e20030100SP |||||||||||||||||spa|d | ||
| 020 | |a 8474329116 | ||
| 082 | 0 | 4 | |a 303.69 |b MNO |2 21 |
| 100 | |a Mnookin, Robert H. |e autor |9 569961 | ||
| 700 | 0 | |a Peppet, Scott R |e author |9 569962 | |
| 700 | 0 | |a Tulumello, Andrew S |e author |9 569963 | |
| 245 | 1 | 0 | |a Resolver conflictos y alcanzar acuerdos: cómo plantear la negociación para generar beneficios |
| 250 | |a 1a. ed | ||
| 300 | |a 415 p | ||
| 942 | |c BK | ||
| 945 | |d 20130711 00:00:00 |a dcastane | ||
| 260 | |a Barcelona |b Gedisa |c 2003 | ||
| 650 | 0 | |a Resolución de conflictos |9 434922 | |
| 650 | 0 | |a Mediación |9 338396 | |
| 650 | 0 | |a Relaciones interpersonales |9 307056 | |
| 650 | 0 | |a Comunicación interpersonal |9 307498 | |
| 583 | |a last modification |c 20130711 11:26:00 |k Rodrigo Vera | ||
| 490 | 0 | |a PARC. Métodos | |
| 999 | |c 352600 |d 352598 | ||
| 952 | |0 0 |1 0 |4 0 |6 303_690000000000000_MNO_2003 |7 0 |8 A |9 457189 |a BIBGIM |b BIBGIM |d 2019-11-22 |i 498823K |o 303.69 MNO 2003 |p 498823K |r 2025-01-15 |w 2019-11-22 |y BK |k SSL | ||